00300nam a2200133Ia 4500003000400000005001700004008004100021040001000062082001500072100001900087245002800106260002000134600001200154OSt20260518142429.0241002s9999 xx 000 0 und d cAACR2 a973.32 PAT aPatman, Wrigth 0aOur American Government aNew York:c1957 aHistory